000 00610nam a2200229Ia 4500
003 OSt
005 20220928123924.0
006 a|||||r|||| 00| 0
007 ta
008 220927b |||||||| |||| 00| 0 eng d
024 _a27391
037 _cTextual
040 _aSDCL
_cSDCL
_beng
041 _2eng
_aeng
082 _aG:68, M7
100 _aNarang Saran A Ed.
_9462312
245 0 _aSynthesis and applications od DNA and RNA.
260 _aOrlando
_bAcademic Press
_c1987
300 _axv,237p
_ccm.
942 _hG:68, M7
_cTEXL
_2CC
999 _c775310
_d775310